000 00751nam a2200241 a 4500
999 _c17518
_d17518
001 2790159
005 20161128083138.0
008 820412s1982 nyua b 001 0 eng
010 _a 81084627
020 _a0155117378
040 _aDLC
_cDLC
_dDLC
050 0 0 _aQC23.M642 1982
_b.M642 1982
082 0 0 _219
100 1 _aMiller, Franklin,
_d1912-
245 1 0 _aCollege physics /
_cFranklin Miller, Jr.
250 _a5th ed.
260 _aNew York :
_bHarcourt Brace Jovanovich,
_cc1982.
300 _axix, 876 p. :
_bill. ;
_c25 cm.
504 _aIncludes bibliographical references and index.
650 0 _aPhysics.
906 _a7
_bcbc
_corignew
_d2
_eopcn
_f19
_gy-gencatlg
942 _2lcc
_cBOOKS
_hQC23.M642 1982